000 01849nam a2200241Ia 4500
003 Ost
005 20260507075155.0
008 260507s9999||||xx |||||||||||||| ||und||
020 _a8049422977
040 _cfsecg
041 _aara
082 _a330
100 _aالنجار، فريد
_eمؤلف
245 0 _aإدارة التغيير الاستراتيجي العربي :
_bلمواجهة الأزمة المالية العالمية /
_c فريد النجار
260 _aالاسكندرية:
_bالدار الجامعية,
_c2009
300 _a416 صفحة؛
_bإيضاحات ؛
_c24 سم
504 _aمراجع ص.411 ؛قائمة الاشكال ص.11
520 _aعرض الازمة المالية العالمية و الكساد العالمي الجديد ، التحديات المعاصرة و الازمة المالية العالمية ، التنافسية المعاصرة و أزمة الثقة في النظام الاقتصادي العالمي ، اهمية تطوير البيئة العربية لمواجهة التحديات ، قيادة التغيير العربي ، مهارات التغيير الاستراتيجي العربي مع التطرق الى مؤشرات التغيير إدارة برامج التغيير و الاسراع الاستراتيجي التنمية التنظيمية و تجديد المنظمات العربية ، التوجهالعربي الجديد في القرن 21 ،الخطة الاستراتيجية لمواجهة الازمة المالية العالمية ، تطبيق الخطة الاستراتيجية بالذكاء السلوكي، إعادة هندسة المؤسسات و الاعمال
653 _aالازمة المالية العالمية
653 _aالتحولات الإقتصادية
653 _aالعولمة
942 _cكتاب
999 _c43365
_d43365